Normal view MARC view
  • India

Entry Geographic Name

Number of records used in: 1

001 - CONTROL NUMBER

  • control field: 1763

003 - CONTROL NUMBER IDENTIFIER

  • control field: OSt

005 - DATE AND TIME OF LATEST TRANSACTION

  • control field: 20170505130907.0

008 - FIXED-LENGTH DATA ELEMENTS

  • fixed length control field: 170505|| aca||aabn | a|a d

040 ## - CATALOGING SOURCE

  • Original cataloging agency: OSt
  • Transcribing agency: OSt

151 ## - HEADING--GEOGRAPHIC NAME

  • Geographic name: India
  • General subdivision: Pol. & govt.
  • Chronological subdivision: 1765-1947.

670 ## - SOURCE DATA FOUND

  • Source citation: Work cat.: (OSt)0: Karandikar, Maheshwar Anant, 1909- 1761, Islam in India's transition to modernity /, 1969.
Pusat Sumber Maklumat Dato' Haji Sarmin Md Hussin, Akademi Kastam Diraja Malaysia, Melaka
Tel: 06-2331106 | Faks: 06-2313787